| 000 | 01480nam a22004457a 4500 | ||
|---|---|---|---|
| 003 | OSt | ||
| 005 | 20230503111605.0 | ||
| 008 | 221006b |||||||| |||| 00| 0 eng d | ||
| 040 | _cBiblioteca Lado V | ||
| 082 |
_a709.05 _bR643f |
||
| 100 |
_9825 _aRoberts, James _eeditor |
||
| 245 |
_aFrieze/ _bContemporary Art And Culture/ |
||
| 260 |
_bDurian Publications Ltd. _aInglaterra _c2000 |
||
| 300 |
_c23x30cm _a120p. |
||
| 366 | _eeng | ||
| 490 |
_a56 _v2000 |
||
| 505 | _tHalf-Baked Revolution | ||
| 505 | _tLazy Days | ||
| 505 | _tThe go Between | ||
| 505 | _tThe Sting | ||
| 505 | _tPuppets on a Shoestring | ||
| 505 | _tThe Man in the White Suit | ||
| 505 | _tPicture: Scarecrows | ||
| 505 | _tThe Glass Menagerie | ||
| 505 | _tChicken or Egg? | ||
| 505 | _tThe Least you need to know about bones | ||
| 505 | _tThe Ride Stripped Bare | ||
| 505 | _tI Might Soon Take a Road trip | ||
| 505 | _tLost and Found | ||
| 505 | _tBeing There | ||
| 505 | _tIch Bereue Keine Stunde | ||
| 650 |
_2Tesauro de Arte & Arquitectura _aARTE _9703 |
||
| 650 |
_2Tesauro de Arte & Arquitectura _aEXPOSICIONES |
||
| 650 |
_2Tesauro de Arte & Arquitectura _aCULTURA |
||
| 650 |
_2Tesauro de Arte & Arquitectura _aAPRECIACION |
||
| 650 |
_2Tesauro de Arte & Arquitectura _aTEORIA |
||
| 650 |
_2Tesauro de Arte & Arquitectura _aARTE CONTEMPORANEO |
||
| 650 |
_2Tesauro de Arte & Arquitectura _aINGLATERRA |
||
| 942 |
_2ddc _c1 _h709.05 _iR643f _n0 |
||
| 999 |
_c3520 _d3520 |
||